000 01029nam a2200265Ia 4500
003 OSt
005 20221005104752.0
006 a|||||r|||| 00| 0
007 ta
008 221004b |||||||| |||| 00| 0 hin d
020 _c280
024 _a8765
037 _b20477, 08/01/2014, Hindi Madhyam Karyanvyan Nideshalye
_cTextual
040 _aCRL
_cCRL
_bhin
041 _2hin
_ahin
082 _aT:(R), 152P6
100 _aचांद किरण
245 0 _aशिक्षा
_b दार्शनिक परिप्रेक्ष्य
246 _aShikṣhā: dārshanik pariprekṣhya
260 _aदिल्ली
_bविश्वविद्यालय हिन्दी माध्यम कार्यान्वय निदेशालय भारत
_c2006
300 _a497पृ0
_ccm.
650 _aशिक्षण
942 _hT:(R), 152P6
_cTEXL
_2cc
999 _c1013724
_d1013724